The mechanisms of governance / (Record no. 522534)

000 -LEADER
fixed length control field 01235cam a2200313 a 4500
001 - CONTROL NUMBER
control field 2086170
003 - CONTROL NUMBER IDENTIFIER
control field NUST
005 - DATE AND TIME OF LATEST TRANSACTION
control field 20181031042254.0
008 - FIXED-LENGTH DATA ELEMENTS--GENERAL INFORMATION
fixed length control field 950228s1996 nyua b 001 0 eng
010 ## - LIBRARY OF CONGRESS CONTROL NUMBER
LC control number 95006839
020 ## - INTERNATIONAL STANDARD BOOK NUMBER
International Standard Book Number 0195078241 (acidfree paper)
038 ## - RECORD CONTENT LICENSOR
Staff Name WASEEM
040 ## - CATALOGING SOURCE
Original cataloging agency DLC
Transcribing agency DLC
Modifying agency DLC
050 00 - LIBRARY OF CONGRESS CALL NUMBER
Classification number HD2326
Item number .W494 1996
082 00 - DEWEY DECIMAL CLASSIFICATION NUMBER
Classification number 658.4
Author Mark WIL
100 1# - MAIN ENTRY--PERSONAL NAME
Personal name Williamson, Oliver E.
9 (RLIN) 12476
245 14 - TITLE STATEMENT
Title The mechanisms of governance /
Statement of responsibility, etc. Oliver E. Williamson.
260 ## - PUBLICATION, DISTRIBUTION, ETC.
Place of publication, distribution, etc. New York :
Name of publisher, distributor, etc. Oxford University Press,
Date of publication, distribution, etc. c1996.
300 ## - PHYSICAL DESCRIPTION
Extent xii, 429 p. :
Other physical details ill. ;
Dimensions 24 cm.
504 ## - BIBLIOGRAPHY, ETC. NOTE
Bibliography, etc. note Includes bibliographical references (p. 381-410) and index.
650 #0 - SUBJECT ADDED ENTRY--TOPICAL TERM
Topical term or geographic name entry element Industrial organization (Economic theory)
9 (RLIN) 5323
650 #0 - SUBJECT ADDED ENTRY--TOPICAL TERM
Topical term or geographic name entry element Corporate governance.
9 (RLIN) 12477
650 #0 - SUBJECT ADDED ENTRY--TOPICAL TERM
Topical term or geographic name entry element Transaction costs.
9 (RLIN) 12478
856 42 - ELECTRONIC LOCATION AND ACCESS
Materials specified Publisher description
Uniform Resource Identifier <a href="http://www.loc.gov/catdir/enhancements/fy0603/95006839-d.html">http://www.loc.gov/catdir/enhancements/fy0603/95006839-d.html</a>
856 42 - ELECTRONIC LOCATION AND ACCESS
Materials specified Contributor biographical information
Uniform Resource Identifier <a href="http://www.loc.gov/catdir/enhancements/fy0723/95006839-b.html">http://www.loc.gov/catdir/enhancements/fy0723/95006839-b.html</a>
906 ## - LOCAL DATA ELEMENT F, LDF (RLIN)
a 7
b cbc
c orignew
d 1
e ocip
f 19
g y-gencatlg
942 ## - ADDED ENTRY ELEMENTS (KOHA)
Source of classification or shelving scheme
Koha item type Book
Holdings
Withdrawn status Lost status Source of classification or shelving scheme Damaged status Not for loan Permanent Location Current Location Shelving location Date acquired Total Checkouts Full call number Barcode Date last seen Price effective from Koha item type
          Central Library (CL) Central Library (CL) Book Cart 10/31/2018   658.4 WIL CL-D-47 10/31/2018 10/31/2018 Book
© 2023 Central Library, National University of Sciences and Technology. All Rights Reserved.